Hindu nationalism and Indian politics (Record no. 528288)

MARC details
000 -LEADER
fixed length control field 00896nam a2200265Ia 4500
003 - CONTROL NUMBER IDENTIFIER
control field OSt
005 - DATE AND TIME OF LATEST TRANSACTION
control field 20220925194122.0
008 - FIXED-LENGTH DATA ELEMENTS--GENERAL INFORMATION
fixed length control field 220923b |||||||| |||| 00| 0 hin d
020 ## - INTERNATIONAL STANDARD BOOK NUMBER
International Standard Book Number 052138348x
037 ## - SOURCE OF ACQUISITION
Terms of availability General Book
040 ## - CATALOGING SOURCE
Original cataloging agency RTL
Transcribing agency RTL
Language of cataloging hin
041 ## - LANGUAGE CODE
Source of code hin
Language code of text/sound track or separate title hin
100 ## - MAIN ENTRY--PERSONAL NAME
Personal name Graham B D
9 (RLIN) 101425
245 #0 - TITLE STATEMENT
Title Hindu nationalism and Indian politics
Remainder of title The origins and Development of The Bharatiya Jana Sangh
260 ## - PUBLICATION, DISTRIBUTION, ETC.
Place of publication, distribution, etc. Cambridge
Name of publisher, distributor, etc. Cambridge University Press UK
Date of publication, distribution, etc. 1990
300 ## - PHYSICAL DESCRIPTION
Extent xii,283p P.221,222,223,224,225,226,227,228,229.
Dimensions cm.
490 ## - SERIES STATEMENT
Series statement Cambridge South Asian Stuides
500 ## - GENERAL NOTE
General note Bibliography: P 266-71; Appendix:P.259-65; Index:P.272-81
650 ## - SUBJECT ADDED ENTRY--TOPICAL TERM
Topical term or geographic name entry element Political Parties
9 (RLIN) 227152
942 ## - ADDED ENTRY ELEMENTS (KOHA)
Classification part V2,4N51.N7, N0
Koha item type General Books
Source of classification or shelving scheme Colon Classification (CC)

No items available.

Copyright @ Delhi University Library System